Made-Up TV Holidays Quiz Stats

 Plays Quiz Updated Dec 1, 2016

Support Sporcle.
Go Orange.
Score 0/12 Timer 04:00
4 Plays Today
Holiday TV Show % Correct
FestivusSeinfeld
88.7%
RobanukahFuturama
83.7%
Best Friends DaySpongeBob SquarePants
82.4%
Quahog Clam DayFamily Guy
80.5%
Galentine's DayParks and Recreation
72%
Whacking DayThe Simpsons
65.2%
Rainbow DayThe Smurfs
49.7%
First Contact DayStar Trek: Voyager
33.8%
ChrismukkahThe O.C.
31.3%
Merlinpeen30 Rock
27.7%
Festival of the BellsFraggle Rock
14.1%
Refrigerator DayDinosaurs
11.1%

You're not logged in!

Compare scores with friends on all Sporcle quizzes.
OR
Log In

From the Vault

Complete the Title: 2000s TV Shows

by DIEGO1000

Here's some TV shows you'll definitely want to finish.
Remove Ads.
Support Sporcle.
Get the best of Sporcle when you Go Orange. This ad-free experience offers more features, more stats, and more fun while also helping to support Sporcle. Thank you for becoming a member.

Show Comments

Extras

Top Quizzes Today


Score Distribution

Your Account Isn't Verified!

In order to create a playlist on Sporcle, you need to verify the email address you used during registration. Go to your Sporcle Settings to finish the process.

Report this User

Report this user for behavior that violates our Community Guidelines.

Details: